Training materials for agricultural planning N.34 Guidelines on social analysis for rural areas development planning

Wedi'i Gadw mewn:
Manylion Llyfryddiaeth
Prif Awdur: Diane Coneyers
Fformat: Llyfr
Iaith:Undetermined
Cyhoeddwyd: Rome FAO 1993
Pynciau:
Tagiau: Ychwanegu Tag
Dim Tagiau, Byddwch y cyntaf i dagio'r cofnod hwn!
Thư viện lưu trữ: Trung tâm Học liệu Trường Đại học Cần Thơ
LEADER 00614nam a2200193Ia 4500
001 CTU_3665
008 210402s9999 xx 000 0 und d
082 |a 330 
082 |b T768/N.34 
100 |a Diane Coneyers 
245 0 |a Training materials for agricultural planning N.34 
245 0 |b Guidelines on social analysis for rural areas development planning 
245 0 |c Diane Coneyers, FAO 
260 |a Rome 
260 |b FAO 
260 |c 1993 
650 |a country life,economics,training manuals 
904 |i Nguyễn Quang Điền, 960530 
980 |a Trung tâm Học liệu Trường Đại học Cần Thơ